000 00674nam a2200241Ia 4500
001 1043
003 GE_BSU
008 181216s||||||||xx |||||||||||||| ||und||
020 _a9785922111720
040 _cGE_BSU
080 _a535.33(075.8)
100 _aОчкин,В.Н.
245 _aСпектроскопия низкотемпературной плазмы
250 _a2-е испр.и допол.
260 _aМосква
260 _bФизматлит
260 _c2010
300 _a590стр.
541 _h80л.
653 _aСпектроскопия низкотемпературной плазмы
653 _aФизика
942 _cBK
999 _c35197
_d35197